[Event "FICGS class C 000267 email"]
[Site "FICGS email"]
[Date "2018.03.20"]
[Round "1"]
[White "Cronwright, Shaun"]
[Black "Farnik, Kym"]
[Result "0-1"]
[WhiteElo "1800"]
[BlackElo "1901"]
[PlyCount "20"]
[EventDate "2018.??.??"]
[EventType "tourn (corr)"]
[EventRounds "1"]
[SourceTitle "Corr 2022"]
[Source "ChessBase"]
[SourceDate "2021.10.24"]
[SourceVersion "1"]
[SourceVersionDate "2021.10.24"]
[SourceQuality "1"]

1. e4 c5 2. c3 Nf6 3. e5 Nd5 4. d4 cxd4 5. Nf3 Nc6 6. cxd4 d6 7. Bc4 Nb6 8. Bb5 dxe5 9. Nxe5 Bd7 10. 0-0 Nxe5 0-1

[Event "FICGS class C 000267 email"]
[Site "FICGS email"]
[Date "2018.03.20"]
[Round "1"]
[White "Cronwright, Shaun"]
[Black "Kerr, Graham"]
[Result "0-1"]
[WhiteElo "1800"]
[BlackElo "2000"]
[PlyCount "40"]
[EventDate "2018.??.??"]
[EventType "tourn (corr)"]
[EventRounds "1"]
[SourceTitle "Corr 2022"]
[Source "ChessBase"]
[SourceDate "2021.10.24"]
[SourceVersion "1"]
[SourceVersionDate "2021.10.24"]
[SourceQuality "1"]

1. e4 c5 2. c3 Nf6 3. e5 Nd5 4. d4 cxd4 5. Nf3 d6 6. cxd4 Nc6 7. Bc4 dxe5 8. Nxe5 e6 9. 0-0 Be7 10. Nc3 Nxc3 11. bxc3 Nxe5 12. dxe5 0-0 13. Qg4 Qc7 14. Re1 h5 15. Qe4 Bd7 16. Bd3 g6 17. Bh6 Rfd8 18. Rac1 Bc6 19. Qf4 h4 20. Qg4 Rxd3 0-1

[Event "FICGS class C 000267 email"]
[Site "FICGS email"]
[Date "2018.03.20"]
[Round "1"]
[White "Duttagupta, Aniruddha"]
[Black "Cronwright, Shaun"]
[Result "1-0"]
[WhiteElo "1982"]
[BlackElo "1800"]
[PlyCount "23"]
[EventDate "2018.??.??"]
[EventType "tourn (corr)"]
[EventRounds "1"]
[SourceTitle "Corr 2022"]
[Source "ChessBase"]
[SourceDate "2021.10.24"]
[SourceVersion "1"]
[SourceVersionDate "2021.10.24"]
[SourceQuality "1"]

1. c4 e6 2. g3 f5 3. Bg2 Nf6 4. Nf3 g6 5. 0-0 Bg7 6. d4 0-0 7. Nc3 d6 8. b4 Qe8 9. Bb2 Nbd7 10. e3 c6 11. b5 Ne4 12. Nxe4 1-0

[Event "FICGS no engines 00 email"]
[Site "FICGS email"]
[Date "2018.03.15"]
[Round "1"]
[White "Cronwright, Shaun"]
[Black "Foster, Duncan"]
[Result "0-1"]
[WhiteElo "1800"]
[BlackElo "1598"]
[PlyCount "26"]
[EventDate "2018.??.??"]
[EventType "swiss (corr)"]
[EventRounds "1"]
[SourceTitle "Corr 2022"]
[Source "ChessBase"]
[SourceDate "2021.10.24"]
[SourceVersion "1"]
[SourceVersionDate "2021.10.24"]
[SourceQuality "1"]

1. e4 e5 2. Nf3 Nc6 3. Bc4 Nf6 4. d4 exd4 5. e5 d5 6. Bb5 Ne4 7. Nxd4 Bc5 8. Bxc6+ bxc6 9. 0-0 Ba6 10. Ne2 0-0 11. Nd2 Re8 12. Nxe4 dxe4 13. Qxd8 Raxd8 0-1

[Event "FICGS no engines 00 email"]
[Site "FICGS email"]
[Date "2018.03.15"]
[Round "1"]
[White "Goldmund, Heike"]
[Black "Cronwright, Shaun"]
[Result "1-0"]
[WhiteElo "1092"]
[BlackElo "1800"]
[PlyCount "57"]
[EventDate "2018.??.??"]
[EventType "swiss (corr)"]
[EventRounds "1"]
[SourceTitle "Corr 2022"]
[Source "ChessBase"]
[SourceDate "2021.10.24"]
[SourceVersion "1"]
[SourceVersionDate "2021.10.24"]
[SourceQuality "1"]

1. b4 e5 2. Bb2 Bxb4 3. Bxe5 Nf6 4. c4 0-0 5. e3 Re8 6. Nf3 Nc6 7. a3 Ba5 8. Bb2 d6 9. Qc2 Bg4 10. Be2 Bxf3 11. Bxf3 Rb8 12. 0-0 Ne5 13. Be2 Ng6 14. d3 c6 15. Nd2 d5 16. Bf3 Bc7 17. Bd4 Qd6 18. g3 Nh4 19. Be2 Nf5 20. Bb2 h5 21. Bf3 h4 22. Bg2 hxg3 23. fxg3 Nxe3 24. Qc3 Nxf1 25. Kxf1 Re3 26. Nf3 Rbe8 27. Qd2 dxc4 28. dxc4 Rd3 29. Qc2 1-0